Datum a čas kvízu
30.5
Celkem bodů
Celkový počet nahraných bodů na tomto kvízu bez doplňovacích otázek.
13.
Pořadí na kvízu
Konečné umístění týmu na tomto kvízu.
Zaznamenané odpovědi
| # | Otázka | Odpověď | Body | Výsledky |
|---|---|---|---|---|
| 1. | Minulé úterý jsme si mohli pov... | autismus, modrá barva | 1 | |
| 2. | V požehnaném věku minulý týden... | 114 let | 0 | |
| 3. | V úterý začal vysílat v Česku... | Warner TV | 0 | |
| 4. | Minulý týden jsme se dozvěděli... | Portál občana | 1 | |
| 5. | Začátkem týdne dostal generáln... | o basketbalu | 0 | |
| 6. | Zobrazený anglický lékař roku... | William Harvey | 0 | |
| 7. | Kterým slovem na M se označuje... | menarche/menarché | 1 | |
| 8. | Vyberte pravdivé tvrzení: | D | 1 | |
| 9. | Hemofilie je geneticky podmíně... | Alexej; chromozom X | 0.5 | |
| 10. | Někteří bezobratlí živočichové... | hemolymfa; krvomíza | 1 |